[Event "Stay Safe Play From Home 199"]
[Site "T#646564Emanuel Laske"]
[Date "2020.06.04"]
[Round "4"]
[White "Cirovicz"]
[Black "Trotsky"]
[Result "1-0"]
[WhiteElo "1883"]
[BlackElo "1571"]
[Annotator "NA RC"]
[PlyCount "83"]
[EventDate "2020.06.04"]
[EventType "swiss (blitz)"]

1. e3 {[%emt 0:00:01]} d5 {[%emt 0:00:01]} 2. c4 {[%emt 0:00:00]} e6 {[%emt 0:00:00]} 3. cxd5 {[%emt 0:00:01]} exd5 {[%emt 0:00:01]} 4. Nc3 {[%emt 0:00:00]} c5 {[%emt 0:00:01]} 5. d4 {[%emt 0:00:00]} Be6 {[%emt 0:00:01]} 6. dxc5 {[%emt 0:00:01]} Bxc5 {[%emt 0:00:01]} 7. Bb5+ {[%emt 0:00:00]} Nc6 {[%emt 0:00:01]} 8. Nf3 {[%emt 0:00:01]} Nf6 {[%emt 0:00:01]} 9. O-O {[%emt 0:00:02]} Qc7 {[%emt 0:00:01]} 10. a3 {[%emt 0:00:01]} O-O-O {[%emt 0:00:01]} 11. b4 {[%emt 0:00:01]} Bd6 {[%emt 0:00:01]} 12. Na4 {[%emt 0:00:01]} Ng4 {[%emt 0:00:01]} 13. Bxc6 {[%emt 0:00:02]} bxc6 {[%emt 0:00:02]} 14. Nc5 {[%emt 0:00:01]} Bxh2+ {[%emt 0:00:06]} 15. Kh1 {[%emt 0:00:03]} h5 {[%emt 0:00:01]} 16. Na6 {[%emt 0:00:06]} Qd6 {[%emt 0:00:02]} 17. e4 {[%emt 0:00:05]} d4 {[%emt 0:00:02]} 18. e5 {[%emt 0:00:01]} Bxe5 {[%emt 0:00:03]} 19. Nxe5 {[%emt 0:00:02]} Qxe5 {[%emt 0:00:01]} 20. f4 {[%emt 0:00:01]} Qd6 {[%emt 0:00:05]} 21. Bb2 {[%emt 0:00:02]} g5 {[%emt 0:00:02]} 22. Nc5 {[%emt 0:00:01]} gxf4 {[%emt 0:00:02]} 23. Ne4 {[%emt 0:00:04]} Qc7 {[%emt 0:00:02]} 24. Bxd4 {[%emt 0:00:02]} f3 {[%emt 0:00:01]} 25. g3 {[%emt 0:00:04]} Qxg3 {[%emt 0:00:01]} 26. Nxg3 {[%emt 0:00:01]} f2 {[%emt 0:00:03]} 27. Qf3 {[%emt 0:00:01]} Bd5 {[%emt 0:00:01]} 28. Qxd5 {[%emt 0:00:03]} cxd5 {[%emt 0:00:01]} 29. Rfc1+ {[%emt 0:00:00]} Kb8 {[%emt 0:00:01]} 30. Bc5 {[%emt 0:00:01]} d4 {[%emt 0:00:02]} 31. a4 {[%emt 0:00:00]} d3 {[%emt 0:00:01]} 32. a5 {[%emt 0:00:00]} Ne3 {[%emt 0:00:01]} 33. Rd1 {[%emt 0:00:00]} f1=Q+ {[%emt 0:00:01]} 34. Rxf1 {[%emt 0:00:02]} Nxf1 {[%emt 0:00:01]} 35. Nxf1 {[%emt 0:00:00]} d2 {[%emt 0:00:01]} 36. Nxd2 {[%emt 0:00:00]} Rxd2 {[%emt 0:00:01]} 37. b5 {[%emt 0:00:00]} Rhd8 {[%emt 0:00:01]} 38. b6 {[%emt 0:00:00]} axb6 {[%emt 0:00:01]} 39. Bxb6 {[%emt 0:00:01]} Kb7 {[%emt 0:00:01]} 40. Re1 {[%emt 0:00:01]} Rd1 {[%emt 0:00:01]} 41. Rxd1 {[%emt 0:00:00]} Rxd1+ {[%emt 0:00:01]} 42. Kg2 {[%emt 0:00:00] Âðåìÿ (Lag: Av=0.44s, max=0.7s)} 1-0

[Event "Stay Safe Play From Home 199"]
[Site "T#646564Emanuel Laske"]
[Date "2020.06.04"]
[Round "4"]
[White "Matanant"]
[Black "Tobo Rubirosa"]
[Result "1-0"]
[WhiteElo "1627"]
[BlackElo "1479"]
[Annotator "NA RC"]
[PlyCount "75"]
[EventDate "2020.06.04"]
[EventType "swiss (blitz)"]

1. b3 {[%emt 0:00:06]} d5 {[%emt 0:00:03]} 2. Bb2 {[%emt 0:00:00]} Bg4 {[%emt 0:00:01]} 3. e3 {[%emt 0:00:00]} Bxd1 {[%emt 0:00:02]} 4. Kxd1 {[%emt 0:00:00]} c5 {[%emt 0:00:02]} 5. f4 {[%emt 0:00:00]} Nc6 {[%emt 0:00:01]} 6. Nf3 {[%emt 0:00:00]} Qc7 {[%emt 0:00:01]} 7. Bb5 {[%emt 0:00:00]} O-O-O {[%emt 0:00:03]} 8. Bxc6 {[%emt 0:00:03]} Qxc6 {[%emt 0:00:03]} 9. Ne5 {[%emt 0:00:00]} Qe8 {[%emt 0:00:05]} 10. Nc3 {[%emt 0:00:00]} f6 {[%emt 0:00:01]} 11. Nf3 {[%emt 0:00:03]} e5 {[%emt 0:00:01]} 12. Ne2 {[%emt 0:00:00]} d4 {[%emt 0:00:01]} 13. Kc1 {[%emt 0:00:04]} dxe3 {[%emt 0:00:01]} 14. dxe3 {[%emt 0:00:01]} Nh6 {[%emt 0:00:01]} 15. h3 {[%emt 0:00:02]} c4 {[%emt 0:00:03]} 16. fxe5 {[%emt 0:00:02]} Bc5 {[%emt 0:00:01]} 17. e4 {[%emt 0:00:02]} Be3+ {[%emt 0:00:01]} 18. Kb1 {[%emt 0:00:01]} Qd7 {[%emt 0:00:03]} 19. Nc3 {[%emt 0:00:04]} Bd4 {[%emt 0:00:03]} 20. Nd5 {[%emt 0:00:02]} Bxb2 {[%emt 0:00:03]} 21. Kxb2 {[%emt 0:00:00]} Nf7 {[%emt 0:00:02]} 22. exf6 {[%emt 0:00:03]} c3+ {[%emt 0:00:01]} 23. Nxc3 {[%emt 0:00:04]} gxf6 {[%emt 0:00:00]} 24. Rad1 {[%emt 0:00:02]} Qe6 {[%emt 0:00:01]} 25. Nd4 {[%emt 0:00:03]} Rxd4 {[%emt 0:00:02]} 26. Rxd4 {[%emt 0:00:02]} Qe5 {[%emt 0:00:00]} 27. Rhd1 {[%emt 0:00:00]} Rd8 {[%emt 0:00:03]} 28. Nd5 {[%emt 0:00:03]} Rxd5 {[%emt 0:00:03]} 29. exd5 {[%emt 0:00:03]} Nd6 {[%emt 0:00:00]} 30. c4 {[%emt 0:00:01]} Nf5 {[%emt 0:00:01]} 31. Kc3 {[%emt 0:00:03]} Nxd4 {[%emt 0:00:00]} 32. Rxd4 {[%emt 0:00:00]} Qe3+ {[%emt 0:00:02]} 33. Rd3 {[%emt 0:00:01]} Qe5+ {[%emt 0:00:01]} 34. Kc2 {[%emt 0:00:01]} Qe2+ {[%emt 0:00:01]} 35. Rd2 {[%emt 0:00:00]} Qe4+ {[%emt 0:00:00]} 36. Kb2 {[%emt 0:00:01]} Qxg2 {[%emt 0:00:00]} 37. Rxg2 {[%emt 0:00:01]} Kd7 {[%emt 0:00:02]} 38. Rg8 {[%emt 0:00:00] Tiempo (Lag: Av=1.24s, max=1.9s)} 1-0

[Event "Stay Safe Play From Home 199"]
[Site "T#646564Emanuel Laske"]
[Date "2020.06.04"]
[Round "4"]
[White "Rk1966"]
[Black "SoulofWolf"]
[Result "0-1"]
[WhiteElo "1442"]
[BlackElo "2143"]
[Annotator "NA RC"]
[PlyCount "74"]
[EventDate "2020.06.04"]
[EventType "swiss (blitz)"]

1. e4 {[%emt 0:00:01]} c5 {[%emt 0:00:00]} 2. f3 {[%emt 0:00:01]} e6 {[%emt 0:00:00]} 3. d3 {[%emt 0:00:00]} Nc6 {[%emt 0:00:00]} 4. Be3 {[%emt 0:00:01]} b6 {[%emt 0:00:01]} 5. Nd2 {[%emt 0:00:00]} Bb7 {[%emt 0:00:00]} 6. Ne2 {[%emt 0:00:00]} Qc7 {[%emt 0:00:00]} 7. g3 {[%emt 0:00:00]} O-O-O {[%emt 0:00:00]} 8. Bf4 {[%emt 0:00:02]} e5 {[%emt 0:00:02]} 9. Be3 {[%emt 0:00:00]} g6 {[%emt 0:00:00]} 10. Bg2 {[%emt 0:00:01]} f5 {[%emt 0:00:00]} 11. O-O {[%emt 0:00:02]} Nge7 {[%emt 0:00:01]} 12. Nc4 {[%emt 0:00:02]} d5 {[%emt 0:00:03]} 13. exd5 {[%emt 0:00:01]} Nxd5 {[%emt 0:00:00]} 14. Bf2 {[%emt 0:00:02]} b5 {[%emt 0:00:02]} 15. Ne3 {[%emt 0:00:01]} Nde7 {[%emt 0:00:01]} 16. Qd2 {[%emt 0:00:02]} a6 {[%emt 0:00:01]} 17. Qc3 {[%emt 0:00:01]} Bg7 {[%emt 0:00:02]} 18. Rfd1 {[%emt 0:00:03]} Nb8 {[%emt 0:00:02]} 19. Qd2 {[%emt 0:00:01]} h5 {[%emt 0:00:01]} 20. Qe1 {[%emt 0:00:01]} h4 {[%emt 0:00:01]} 21. f4 {[%emt 0:00:05]} Nd5 {[%emt 0:00:06]} 22. Nxd5 {[%emt 0:00:03]} Bxd5 {[%emt 0:00:00]} 23. Bxd5 {[%emt 0:00:01]} Rxd5 {[%emt 0:00:00]} 24. fxe5 {[%emt 0:00:02]} Bxe5 {[%emt 0:00:01]} 25. Nf4 {[%emt 0:00:01]} Rd7 {[%emt 0:00:05]} 26. Ne6 {[%emt 0:00:02]} Qd6 {[%emt 0:00:03]} 27. Nf4 {[%emt 0:00:05]} hxg3 {[%emt 0:00:06]} 28. Bxg3 {[%emt 0:00:02]} g5 {[%emt 0:00:01]} 29. Ne2 {[%emt 0:00:02]} f4 {[%emt 0:00:01]} 30. Bf2 {[%emt 0:00:02]} Nc6 {[%emt 0:00:01]} 31. Nc3 {[%emt 0:00:02]} Ne7 {[%emt 0:00:02]} 32. Ne4 {[%emt 0:00:01]} Qc6 {[%emt 0:00:02]} 33. c3 {[%emt 0:00:04]} g4 {[%emt 0:00:01]} 34. d4 {[%emt 0:00:01]} g3 {[%emt 0:00:02]} 35. d5 {[%emt 0:00:01]} gxf2+ {[%emt 0:00:00]} 36. Qxf2 {[%emt 0:00:02]} Nxd5 {[%emt 0:00:00]} 37. Nf6 {[%emt 0:00:02]} Rg7+ {[%emt 0:00:01] Zeit (Lag: Av=0.29s, max=0.6s)} 0-1

[Event "Stay Safe Play From Home 199"]
[Site "T#646564Emanuel Laske"]
[Date "2020.06.04"]
[Round "5"]
[White "Broken sword"]
[Black "SoulofWolf"]
[Result "1-0"]
[WhiteElo "2412"]
[BlackElo "2144"]
[Annotator "TA"]
[PlyCount "45"]
[EventDate "2020.06.04"]
[EventType "swiss (blitz)"]

{[%evp 9,44,80,122,129,186,52,52,54,84,88,143,139,166,106,89,95,101,62,610,124,145,126,222,110,192,129,191,142,247,247,249,154,139,114,125,104,29999]} 1. e4 f6 2. d4 e6 3. c4 Ne7 4. Nc3 {[#]} c6 $146 ({Predecessor:} 4... Kf7 5. Bd3 g6 6. h4 h5 7. Nh3 d5 8. cxd5 exd5 9. e5 Nf5 10. exf6 c6 {1-0 (54) Mittelstaedt,H (1990)-Wiechert,H (1869) Playchess.com INT 2020}) 5. d5 exd5 6. exd5 {B00: Queen's Fianchetto Defence, Nimzowitsch Defence.} cxd5 (6... Ng6 $16 {was called for.}) 7. Nxd5 (7. cxd5 $18 Ng6 8. Bd3) 7... Nxd5 $14 8. Qxd5 {White is slightly better.} Be7 9. Nf3 d6 ({Better is} 9... Nc6) 10. Bd3 $16 Nd7 {[#]} 11. Qh5+ ({White should play} 11. O-O $1 $18) 11... Kf8 12. O-O $40 {[%mdl 128] White has strong attack.} Ne5 13. Be2 Bf5 $2 {[%mdl 8192]} (13... Bg4 $14 14. Qh4 h5) 14. Rd1 $2 (14. Qxf5 $18 Qc8 15. Qf4) 14... Bg6 15. Qh4 f5 (15... h5 $16 16. b3 Kg8) 16. Qd4 (16. Qg3 $18 Qb6 17. b3 (17. Nxe5 dxe5 18. Qxe5 Bf6 $16)) 16... Nc6 (16... Bf6 $16 {might work better.} 17. Qxd6+ Qxd6 18. Rxd6 Ke7) 17. Qd2 (17. Qf4 $18) 17... Qc7 (17... Bf6 $16 {keeps fighting.} 18. Qd3 (18. Qxd6+ Qxd6 19. Rxd6 Re8 $16) 18... Qc7) 18. b3 Rc8 (18... h6 $16 19. Bb2 Re8) 19. Bb2 $18 h6 20. Rac1 Kg8 21. Nd4 Nxd4 22. Qxd4 {[%csl Gb2][%cal Rd4g7]} Kh7 $2 {[%mdl 8192] [#]} (22... Bf6 $16 23. Qd2 Bxb2 24. Qxb2 Kh7) 23. Qxg7# {Accuracy: White = 31%, Black = 24%.} 1-0

[Event "Stay Safe Play From Home 199"]
[Site "T#646564Emanuel Laske"]
[Date "2020.06.04"]
[Round "5"]
[White "MarkonY"]
[Black "Lamborghini"]
[Result "1-0"]
[WhiteElo "2309"]
[BlackElo "2213"]
[Annotator "TA"]
[PlyCount "93"]
[EventDate "2020.06.04"]
[EventType "swiss (blitz)"]

{[%evp 16,92,87,39,42,13,56,37,34,46,46,56,47,37,31,26,27,14,138,129,143,108,181,59,175,161,166,162,182,178,177,176,212,90,293,210,151,143,122,154,269,0,0,-39,-38,-55,0,-38,-29,-87,-72,-72,0,0,643,714,710,650,1994,1896,1598,1418,1767,1754,29995,29996,29996,29997,29997,29996,29996,29997,29997,29997,29997,29998,29998,29999,29999]} 1. d4 Nf6 2. c4 g6 3. Nc3 Bg7 4. e4 O-O 5. Be2 d6 6. Nf3 c5 7. O-O Nc6 8. d5 Na5 9. Nd2 e6 {E91: King's Indian: Classical: 6 Be2, unusual replies including 6...c5 and 6...Bg4.} 10. Qc2 b6 11. a3 {[#]} Bd7 $146 {White is slightly better.} ({Predecessor:} 11... e5 12. b4 Nb7 13. Nb3 Qe7 14. Bd2 Nd7 15. Bd3 Nf6 16. Bg5 h6 17. Bh4 g5 {0-1 (43) Vilela de Acuna,J (2260)-Nehmert,U Graz 1972}) 12. b4 Nb7 13. Rb1 Rc8 14. Qb3 Re8 15. Bb2 exd5 16. cxd5 h5 (16... b5 $11) 17. Ba6 $16 Qc7 18. Rbc1 Qb8 (18... Rb8 $16 {might work better.} 19. h3 Bh6) 19. Nb5 (19. Nc4 $18) 19... Bxb5 (19... cxb4 $14 20. Bxb7 (20. Qxb4 $2 Rxc1 21. Rxc1 Nc5 $19 {[%mdl 64] Double Attack}) 20... Rxc1 21. Rxc1 Bxb5 22. Qxb4 Qxb7 23. Qxb5 a6) 20. Bxb5 $18 Re7 21. f3 Ne8 22. Bxg7 Nxg7 23. Nc4 Nd8 24. bxc5 (24. Qe3 $18 {is more deadly.}) 24... bxc5 $2 (24... Rxc5 $16 25. a4 Nb7) 25. Rb1 Rb7 {next ...a6 is good for Black.} 26. Na5 Rb6 {Black wants to play ...a6.} 27. Qd3 {Threatens to win with Ba6.} Qc7 (27... c4 $16 28. Bxc4 Qc7) 28. Nc6 $2 (28. Nc4 $18) 28... Nxc6 $11 29. Bxc6 Rcb8 30. Rxb6 Rxb6 (30... Qxb6 $15 31. Qe3 Qb2) 31. a4 Rb4 32. f4 (32. Qc3 $11) 32... Qe7 $17 33. e5 dxe5 ({Better is} 33... Rd4 $17 34. exd6 Qxd6) 34. d6 $1 $11 {[%cal Rd6e7]} Qe6 $2 {[%mdl 8192]} (34... e4 $11) 35. d7 $18 Rd4 36. d8=Q+ Rxd8 37. Qxd8+ Kh7 38. Bd5 Qb6 39. Qxb6 c4 {[#]} 40. Qf6 $1 {White mates.} Nf5 41. Qxf7+ {[%mdl 64] Double Attack} Kh6 42. Be4 exf4 43. Bxf5 gxf5 44. Qf6+ Kh7 45. Rd1 c3 46. Rd7+ {[%mdl 64] [#] Double Attack} Kg8 47. Qd8# {Accuracy: White = 52%, Black = 46%.} 1-0

[Event "Stay Safe Play From Home 199"]
[Site "T#646564Emanuel Laske"]
[Date "2020.06.04"]
[Round "5"]
[White "Mepe_Nika"]
[Black "Rk1966"]
[Result "1-0"]
[WhiteElo "2282"]
[BlackElo "1441"]
[Annotator "NA RC"]
[PlyCount "65"]
[EventDate "2020.06.04"]
[EventType "swiss (blitz)"]

1. d4 {[%emt 0:00:01]} d5 {[%emt 0:00:04]} 2. Bf4 {[%emt 0:00:01]} Nc6 {[%emt 0:00:02]} 3. e3 {[%emt 0:00:03]} Nf6 {[%emt 0:00:00]} 4. c4 {[%emt 0:00:01]} Bf5 {[%emt 0:00:00]} 5. Nc3 {[%emt 0:00:01]} e6 {[%emt 0:00:02]} 6. Nf3 {[%emt 0:00:01]} Bb4 {[%emt 0:00:01]} 7. Bd3 {[%emt 0:00:01]} Bxc3+ {[%emt 0:00:01]} 8. bxc3 {[%emt 0:00:01]} Bg4 {[%emt 0:00:01]} 9. O-O {[%emt 0:00:01]} Bxf3 {[%emt 0:00:02]} 10. Qxf3 {[%emt 0:00:01]} Qd7 {[%emt 0:00:02]} 11. Rab1 {[%emt 0:00:02]} b6 {[%emt 0:00:03]} 12. e4 {[%emt 0:00:01]} dxe4 {[%emt 0:00:01]} 13. Bxe4 {[%emt 0:00:00]} Nxe4 {[%emt 0:00:01]} 14. Qxe4 {[%emt 0:00:00]} O-O {[%emt 0:00:02]} 15. d5 {[%emt 0:00:00]} exd5 {[%emt 0:00:02]} 16. cxd5 {[%emt 0:00:00]} Ne7 {[%emt 0:00:01]} 17. Rbd1 {[%emt 0:00:03]} Rfe8 {[%emt 0:00:02]} 18. Qf3 {[%emt 0:00:01]} Ng6 {[%emt 0:00:02]} 19. Qg3 {[%emt 0:00:01]} Nxf4 {[%emt 0:00:03]} 20. Qxf4 {[%emt 0:00:00]} Qb5 {[%emt 0:00:02]} 21. Qd2 {[%emt 0:00:01]} Red8 {[%emt 0:00:01]} 22. Qd4 {[%emt 0:00:01]} Rd6 {[%emt 0:00:02]} 23. c4 {[%emt 0:00:01]} Qb4 {[%emt 0:00:02]} 24. Rfe1 {[%emt 0:00:02]} Rad8 {[%emt 0:00:01]} 25. h3 {[%emt 0:00:01]} h6 {[%emt 0:00:01]} 26. Re3 {[%emt 0:00:01]} Qa5 {[%emt 0:00:06]} 27. a3 {[%emt 0:00:02]} Qa4 {[%emt 0:00:02]} 28. Rde1 {[%emt 0:00:01]} Qd7 {[%emt 0:00:01]} 29. Re7 {[%emt 0:00:02]} Qc8 {[%emt 0:00:02]} 30. Qd3 {[%emt 0:00:01]} R6d7 {[%emt 0:00:04]} 31. Qf3 {[%emt 0:00:02]} Rxe7 {[%emt 0:00:01]} 32. Rxe7 {[%emt 0:00:00]} Re8 {[%emt 0:00:01]} 33. Qxf7+ {[%emt 0:00:01] Zeit} 1-0

[Event "Stay Safe Play From Home 199"]
[Site "T#646564Emanuel Laske"]
[Date "2020.06.04"]
[Round "5"]
[White "Weltszmerc"]
[Black "Matanant"]
[Result "1-0"]
[WhiteElo "2087"]
[BlackElo "1638"]
[Annotator "TA"]
[PlyCount "61"]
[EventDate "2020.06.04"]
[EventType "swiss (blitz)"]

{[%evp 9,61,7,17,-13,17,0,7,-6,0,0,33,22,45,46,55,38,31,35,62,52,130,116,151,150,158,119,227,77,72,0,0,0,0,0,173,106,858,688,669,657,617,432,416,419,492,-456,311,312,296,17,11,-192,231,137]} 1. d4 e6 2. c4 f5 3. Nf3 Nf6 4. h3 Bb4+ 5. Bd2 Qe7 6. g4 {[#] A84: Dutch Defence: 2 c4 Miscellaneous.} Ne4 $146 ({Much worse is} 6... fxg4 7. hxg4 Nc6 8. Qc2 $14) ({Predecessor:} 6... Bxd2+ 7. Nbxd2 d6 8. Qc2 e5 9. dxe5 dxe5 10. gxf5 e4 11. Nd4 Nc6 12. Nxc6 bxc6 {1-0 (39) Hillarp Persson,T (2530)-Pert,R (2424) West Bromwich 2004}) 7. gxf5 exf5 8. e3 {The position is equal.} O-O 9. Bd3 Nxd2 10. Nbxd2 f4 11. e4 d6 12. a3 Bxd2+ $1 13. Qxd2 Nc6 14. O-O-O Qf6 (14... Bd7 $14) 15. Bc2 $16 Bd7 16. Rdg1 Rae8 17. h4 h5 {[#]} (17... Re7 $16) 18. Rg5 (18. e5 $1 $18 {[%cal Re5f6][%mdl 512] and the rest is easy.} dxe5 19. dxe5) 18... Bg4 {[#]} 19. e5 ({White should try} 19. Qd3 $1 $16) 19... dxe5 $11 20. Nxe5 Nxe5 21. dxe5 Qc6 $2 (21... Rxe5 $11 {and Black stays safe.} 22. Rxe5 Qxe5) 22. Rg1 $18 Qc5 $2 {[%mdl 8192] [#]} (22... Qxc4 $16 23. f3 Qc5 {[%mdl 64] Double Attack}) 23. e6 $1 {[%mdl 512]} Qd6 (23... Rxe6 24. Rxc5) 24. Qc3 {[%csl Gg5][%cal Rc3g7]} Re7 25. f3 {And now c5 would win.} Qxe6 26. fxg4 Qe3+ 27. Kb1 $4 {[%mdl 8192]} (27. Qxe3 $18 {was the only winning move.} fxe3 28. Rxh5) 27... Qxc3 $4 {[%mdl 8192]} (27... Qxg1+ $19 28. Ka2 Qe3) 28. bxc3 hxg4 29. R1xg4 $2 (29. R5xg4 $18 {Rf1 is the strong threat.} f3 30. Rf1) 29... f3 $11 {aiming for ...f2.} 30. Rf5 $2 {[#]} (30. c5 $11 Rf6 31. Rf5 Re1+ 32. Kb2 Rxf5 33. Bxf5) 30... f2 $4 {[%mdl 8192]} (30... Rxf5 $1 $19 {avoids the disaster.} 31. Bxf5 f2) 31. Rxf8+ {Accuracy: White = 46%, Black = 35%.} 1-0

[Event "Stay Safe Play From Home 199"]
[Site "T#646564Emanuel Laske"]
[Date "2020.06.04"]
[Round "5"]
[White "Castlingarrocco"]
[Black "Haxhi Baha"]
[Result "1/2-1/2"]
[WhiteElo "1971"]
[BlackElo "2014"]
[Annotator "RC"]
[PlyCount "107"]
[EventDate "2020.06.04"]
[EventType "swiss (blitz)"]

1. Nc3 {[%emt 0:00:01]} d5 {[%emt 0:00:01]} 2. e4 {[%emt 0:00:01]} e6 {[%emt 0:00:01]} 3. Nf3 {[%emt 0:00:01]} Nf6 {[%emt 0:00:02]} 4. d3 {[%emt 0:00:01]} dxe4 {[%emt 0:00:01]} 5. dxe4 {[%emt 0:00:01]} Qxd1+ {[%emt 0:00:01]} 6. Kxd1 {[%emt 0:00:00]} Bb4 {[%emt 0:00:01]} 7. Bd2 {[%emt 0:00:01]} Bxc3 {[%emt 0:00:03]} 8. Bxc3 {[%emt 0:00:01]} Nxe4 {[%emt 0:00:01]} 9. Ke1 {[%emt 0:00:00]} Nxc3 {[%emt 0:00:02]} 10. bxc3 {[%emt 0:00:00]} b6 {[%emt 0:00:01]} 11. Bd3 {[%emt 0:00:01]} Bb7 {[%emt 0:00:01]} 12. Kd2 {[%emt 0:00:01]} Nd7 {[%emt 0:00:01]} 13. Rhe1 {[%emt 0:00:02]} O-O-O {[%emt 0:00:02]} 14. a4 {[%emt 0:00:01]} Nc5 {[%emt 0:00:02]} 15. a5 {[%emt 0:00:01]} Ba6 {[%emt 0:00:06]} 16. Re3 {[%emt 0:00:02]} Bxd3 {[%emt 0:00:01]} 17. cxd3 {[%emt 0:00:00]} Nb3+ {[%emt 0:00:01]} 18. Kc2 {[%emt 0:00:01]} Nxa1+ {[%emt 0:00:01]} 19. Kb2 {[%emt 0:00:00]} Rd5 {[%emt 0:00:02]} 20. Kxa1 {[%emt 0:00:01]} Rxa5+ {[%emt 0:00:01]} 21. Kb2 {[%emt 0:00:00]} Rd8 {[%emt 0:00:02]} 22. c4 {[%emt 0:00:01]} b5 {[%emt 0:00:01]} 23. Kc3 {[%emt 0:00:01]} bxc4 {[%emt 0:00:01]} 24. dxc4 {[%emt 0:00:00]} Ra3+ {[%emt 0:00:01]} 25. Kc2 {[%emt 0:00:03]} Rxe3 {[%emt 0:00:00]} 26. fxe3 {[%emt 0:00:00]} f6 {[%emt 0:00:01]} 27. Kc3 {[%emt 0:00:02]} e5 {[%emt 0:00:01]} 28. Nd2 {[%emt 0:00:01]} Kb7 {[%emt 0:00:02]} 29. Ne4 {[%emt 0:00:01]} a5 {[%emt 0:00:01]} 30. Nc5+ {[%emt 0:00:01]} Kb6 {[%emt 0:00:00]} 31. Ne6 {[%emt 0:00:01]} Rd7 {[%emt 0:00:01]} 32. c5+ {[%emt 0:00:02]} Kc6 {[%emt 0:00:01]} 33. Nf8 {[%emt 0:00:02]} Rd5 {[%emt 0:00:03]} 34. Nxh7 {[%emt 0:00:03]} Rxc5+ {[%emt 0:00:01]} 35. Kd3 {[%emt 0:00:00]} a4 {[%emt 0:00:00]} 36. Nf8 {[%emt 0:00:01]} a3 {[%emt 0:00:00]} 37. Ne6 {[%emt 0:00:00]} a2 {[%emt 0:00:02]} 38. Ke4 {[%emt 0:00:01]} a1=Q {[%emt 0:00:02]} 39. Nd8+ {[%emt 0:00:00]} Kd7 {[%emt 0:00:01]} 40. Kf5 {[%emt 0:00:00]} Kxd8 {[%emt 0:00:01]} 41. h4 {[%emt 0:00:00]} Qb2 {[%emt 0:00:01]} 42. Kg6 {[%emt 0:00:00]} Qxg2+ {[%emt 0:00:00]} 43. Kf7 {[%emt 0:00:00]} Qh3 {[%emt 0:00:01]} 44. h5 {[%emt 0:00:00]} Qxh5+ {[%emt 0:00:01]} 45. Ke6 {[%emt 0:00:00]} Qf3 {[%emt 0:00:00]} 46. Kf7 {[%emt 0:00:00]} Qxe3 {[%emt 0:00:00]} 47. Kg6 {[%emt 0:00:00]} Rc1 {[%emt 0:00:00]} 48. Kf5 {[%emt 0:00:00]} Rf1+ {[%emt 0:00:01]} 49. Ke6 {[%emt 0:00:00]} Qb6+ {[%emt 0:00:01]} 50. Kf7 {[%emt 0:00:00]} Qd6 {[%emt 0:00:00]} 51. Kg6 {[%emt 0:00:00]} Ke8 {[%emt 0:00:00]} 52. Kh7 {[%emt 0:00:01]} Qf8 {[%emt 0:00:01]} 53. Kg6 {[%emt 0:00:00]} Ke7 {[%emt 0:00:00]} 54. Kh7 {[%emt 0:00:01] Time (Lag: Av=0.94s, max=1.6s) '} 1/2-1/2

[Event "Stay Safe Play From Home 199"]
[Site "T#646564Emanuel Laske"]
[Date "2020.06.04"]
[Round "5"]
[White "Chesstiger9"]
[Black "Lazieri3"]
[Result "1-0"]
[WhiteElo "1964"]
[BlackElo "2015"]
[Annotator "TA"]
[PlyCount "97"]
[EventDate "2020.06.04"]
[EventType "swiss (blitz)"]

{[%evp 9,97,-6,-6,0,0,-3,7,4,28,14,45,12,25,20,32,0,0,-25,-21,-98,-78,-92,-139,-108,-111,-107,-102,-150,-157,-188,-144,-208,-210,-215,0,-162,-160,-168,-161,-146,-95,-185,-166,-277,-275,-318,-277,-277,-277,-277,-239,-239,-239,-1004,-711,-707,-700,-905,-901,-862,-894,-715,-715,-708,-653,-639,-631,-1052,-631,-726,-643,-777,-760,-4822,-4818,-29969,-29970,-29963,-29967,-29967,-29968,-29987,-29988,-29989,-29990,-29990,-29991,-29991,-29992,-29992]} 1. d4 c6 2. Nf3 d5 3. e3 Nf6 4. Nbd2 Bf5 5. Bd3 Bxd3 6. cxd3 {D04: Colle System.} e6 7. O-O h6 8. e4 {[#] The position is equal.} dxe4 $146 ({Predecessor:} 8... Be7 9. Re1 O-O 10. Nb3 Na6 11. Bf4 Re8 12. Rc1 Qb6 13. Qc2 Nb4 14. Qb1 Qa6 {1-0 (37) Fahy,D-McKeon,J (1622) Amersham 2012}) 9. dxe4 Be7 10. e5 Nd5 11. Ne4 O-O 12. a3 Nd7 13. Ne1 c5 14. f4 (14. Qg4 $11 Kh8 15. Nxc5) 14... cxd4 15. Nd3 Rc8 16. Qf3 Nc5 17. Ndxc5 Bxc5 18. Nxc5 Rxc5 19. Kh1 Rc2 20. f5 {[#]} (20. Qd1 $17 Qc7 21. Qxd4) 20... exf5 $1 $19 21. Qxf5 {[#]} Rxc1 $2 (21... Qc8 $1 $19 {[%cal Rc8f5] Strongly threatening ...Qxf5.} 22. Qf3 Qc4) 22. Raxc1 $2 (22. Rfxc1 $11 Ne3 23. Qe4) 22... Ne3 $1 {[%csl LRf1,LRf5][%mdl 64] Double Attack} 23. Qe4 {Black must now prevent e6.} Nxf1 24. Rxf1 {[%mdl 4096] Endgame KQR-KQR} Qb6 ({Black should try} 24... Qd7 25. Rd1 Rd8) 25. Qe2 (25. Qd5 $17 {keeps fighting.}) 25... Rd8 26. Qf2 (26. Qc4 $142 Rd7 27. Qc8+ Qd8 28. Qxd8+ Rxd8 29. Kg1) 26... Qe6 27. Re1 b6 28. h3 d3 29. Qd2 Qd5 {aiming for ...Rc8.} 30. Re3 Qd4 31. e6 $2 (31. Rf3) 31... fxe6 32. Rxe6 Rf8 33. Re1 Rf2 34. Qb4 Qxb4 35. axb4 Rxb2 {KR-KR} 36. Rd1 Rxb4 37. Rxd3 a5 38. Rd8+ Kh7 39. Ra8 a4 40. Kh2 b5 {[%cal Bb6b5,Bb5b4,Bb4b3][%mdl 32]} 41. Ra7 Rb3 42. Ra5 a3 {Black mates.} 43. Ra6 b4 44. Ra4 Rb2 45. h4 a2 46. h5 b3 47. Ra3 Rb1 48. Ra4 a1=Q 49. Rxa1 {[%mdl 32768] Accuracy: White = 44%, Black = 84%. . Loss on time!?} 1-0